00723nam a2200193 a 450000500170000000800410001701000330005802000500009103500320014104000180017308200110019110000160020224500360021826000290025430000260028365100480030985600910035785600810044820060825080501.0060302s2006 nyu 000 1 eng  aB-269493-509, B-284180 a9780552155472c£ 3.25 (273.00), 289.25 aB-269493-509, B-284180 adplbEnglish  a823.92 aAli, Monica aAlentejo blue /cby Monica Ali. aLondombBlack Swanc2007 a301 p. c18 cm (pbk)  aPortugalxSocial life and customsvFiction. 3Publisher descriptionuhttp://www.loc.gov/catdir/enhancements/fy0643/2006042380-d.html 3Sample textuhttp://www.loc.gov/catdir/enhancements/fy0661/2006042380-s.html